Human resource management : rhetorics and realities

Αποθηκεύτηκε σε:
Λεπτομέρειες βιβλιογραφικής εγγραφής
Κύριος συγγραφέας: Legge, Karen
Μορφή: Βιβλίο
Γλώσσα:English
Δημοσίευση: Hampshire : Macmillan Business, c1995
Σειρά:Management, work and organisations
Θέματα:
Ετικέτες: Προσθήκη ετικέτας
Δεν υπάρχουν, Καταχωρήστε ετικέτα πρώτοι!

MARC

LEADER 00000nam a2200000 i 4500
001 1/51917
008 980312s1995 eng d
020 |a 0333572483 (hpk) 
020 |a 0333572483 (pbk) 
035 |l 10027253 
040 |a GR-MY-UA  |b gre  |e aacr 
041 0 |a eng 
082 0 |a 658.3 
100 1 |a Legge, Karen. 
245 1 0 |a Human resource management :  |b rhetorics and realities /  |c Karen Legge 
260 |a Hampshire :   |b Macmillan Business,   |c c1995 
300 |a xvii, 385 p. 
490 1 |a Management, work and organisations 
504 |a Includes bibliography and index 
650 0 0 |a Personnel management. 
830 0 |a Management, work and organisations 
852 |a INST  |b CHIOS  |e 19980312  |h 658.3 LEG  |p 005200009743  |q 005200009743  |t BK  |y 0 
852 |a INST  |b CHIOS  |e 19980615  |h 658.3 LEG  |p 005200016162  |q 005200016162  |t BK  |y 0 
901 |a BIBL-1998-2 
909 |a Χ  |b 054028 
909 |a Χ  |b 057366 
922 |a 2ΕΛΗ  |b 199802  |c ΤΔΕ  |d ΠΑΠΑΣΩΤΗΡΙΟΥ 
922 |a 2ΕΛΗ  |b 199805  |c ΤΔΕ  |d ΠΑΠΑΣΩΤΗΡΙΟΥ